How to make money tomorrow morning : Sid Friedman's sales success system

Bibliographic Details
Main Author: Friedman, Sidney A
Format: Book
Published: Kuala Lumpur : Golden Books Centre , 1992
Subjects:

MARC

LEADER 00000cam a2200000 7i4500
001 0000005078
002 000005475
005 20000330.0
020 |a 9837200421 
090 0 0 |a 658.812   |b FRI 
100 1 |a Friedman, Sidney A 
245 0 0 |a How to make money tomorrow morning :   |b Sid Friedman's sales success system   |c Sidney A.Friedman 
260 |a Kuala Lumpur :   |b Golden Books Centre ,   |c 1992 
300 |a 166p. ;   |c 22cm. 
650 0 0 |a Marketing 
650 0 0 |a Sales management 
650 0 0 |a Success in business 
999 |a 033368   |b BUKU   |c PINJAMAN   |e PERPUSTAKAAN KOMUNITI PETALING JAYA